[Event "US-ch Women 2018"]
[Site "Saint Louis"]
[Date "2018.04.29"]
[Round "11"]
[White "Derakhshani, Dorsa"]
[Black "Feng, Maggie"]
[Result "1/2-1/2"]
[WhiteElo "2306"]
[BlackElo "2243"]
[Annotator "ChessBase"]
[PlyCount "47"]
[EventDate "2018.??.??"]
[EventType "tourn"]
[EventCountry "USA"]
[SourceTitle "playchess.com"]
[Source "ChessBase"]
[SourceQuality "1"]
[TimeControl "40/5400+30:1800+30"]

1. e4 {[%emt 0:00:00]} e6 {[%emt 0:00:21]} 2. d4 {[%emt 0:00:00]} d5 {[%emt 0:00:16]} 3. Nc3 {[%emt 0:00:00]} Bb4 {[%emt 0:00:32]} 4. e5 {[%emt 0:00:00]} Ne7 {[%emt 0:00:48]} 5. a3 {[%emt 0:00:03]} Bxc3+ {[%emt 0:00:18]} 6. bxc3 {[%emt 0:00:05]} c5 {[%emt 0:00:37]} 7. Qg4 {[%emt 0:00:06]} O-O {[%emt 0:00:30]} 8. Bd3 {[%emt 0:00:13]} Nbc6 {[%emt 0:00:18]} 9. Nf3 {[%emt 0:00:58]} f5 {[%emt 0:01:06]} 10. exf6 {[%emt 0:01:07]} Rxf6 {[%emt 0:00:19]} 11. Qh5 {[%emt 0:01:48]} h6 {[%emt 0:01:16]} 12. O-O {[%emt 0:05:11]} c4 {[%emt 0:02:36]} 13. Be2 {[%emt 0:00:13]} Bd7 {[%emt 0:01:18]} 14. Nh4 {[%emt 0:06:47]} Nf5 {[%emt 0:12:26]} 15. Nxf5 {[%emt 0:09:02]} exf5 {[%emt 0:02:50]} 16. Bf4 {[%emt 0:10:25]} Be8 {[%emt 0:08:07]} 17. Qf3 {[%emt 0:01:26]} Qd7 {[%emt 0:03:52]} 18. h4 {[%emt 0:13:16]} Rf8 {[%emt 0:06:16]} 19. Qg3 {[%emt 0:07:50]} Kh7 {[%emt 0:02:27]} 20. Bd6 {[%emt 0:05:28]} Rf6 {[%emt 0:06:03]} 21. Bf4 {[%emt 0:01:43]} Rf8 {[%emt 0:07:33]} 22. Bd6 {[%emt 0:01:05]} Rf6 {[%emt 0:02:13]} 23. Bf4 {[%emt 0:00:13]} Rf8 {[%emt 0:00:25]} 24. Bd6 {[%emt 0:00:21]} 1/2-1/2

[Event "US-ch Women 2018"]
[Site "Saint Louis"]
[Date "2018.04.29"]
[Round "11"]
[White "Sharevich, Anna"]
[Black "Gorti, Akshita"]
[Result "1-0"]
[WhiteElo "2281"]
[BlackElo "2252"]
[Annotator "ChessBase"]
[PlyCount "85"]
[EventDate "2018.??.??"]
[EventType "tourn"]
[EventCountry "USA"]
[SourceTitle "playchess.com"]
[Source "ChessBase"]
[SourceQuality "1"]
[TimeControl "40/5400+30:1800+30"]

1. d4 {[%emt 0:00:00]} e6 {[%emt 0:00:06]} 2. Nf3 {[%emt 0:00:00]} d5 {[%emt 0:01:00]} 3. Bf4 {[%emt 0:02:14]} Nf6 {[%emt 0:00:20]} 4. e3 {[%emt 0:00:24]} Bd6 {[%emt 0:00:21]} 5. Bg3 {[%emt 0:01:26]} O-O {[%emt 0:00:56]} 6. Nbd2 {[%emt 0:00:37]} b6 {[%emt 0:01:08]} 7. Bd3 {[%emt 0:00:55]} Bb7 {[%emt 0:00:17]} 8. Qe2 {[%emt 0:01:15]} Ne4 {[%emt 0:01:57]} 9. c3 {[%emt 0:04:05]} Nd7 {[%emt 0:05:33]} 10. Ba6 {[%emt 0:11:12]} Bxa6 {[%emt 0:07:27]} 11. Qxa6 {[%emt 0:00:03]} f5 {[%emt 0:02:09]} 12. Qe2 {[%emt 0:04:50]} Qe7 {[%emt 0:02:29]} 13. Bxd6 {[%emt 0:09:41]} cxd6 {[%emt 0:05:52]} 14. O-O {[%emt 0:03:17]} Ndf6 {[%emt 0:04:19]} 15. Ne1 {[%emt 0:02:04]} e5 {[%emt 0:02:37]} 16. Nb3 {[%emt 0:05:58]} Nd7 {[%emt 0:04:24]} 17. a4 {[%emt 0:05:07]} a5 {[%emt 0:07:38]} 18. Qb5 {[%emt 0:06:00]} Nef6 {[%emt 0:01:42]} 19. c4 {[%emt 0:05:21]} dxc4 {[%emt 0:05:36]} 20. Qxc4+ {[%emt 0:03:13]} d5 {[%emt 0:00:28]} 21. Qb5 {[%emt 0:04:13]} e4 {[%emt 0:00:26]} 22. Nc1 {[%emt 0:05:04]} Qd6 {[%emt 0:07:34]} 23. Ne2 {[%emt 0:00:22]} g5 {[%emt 0:00:42]} 24. f4 {[%emt 0:05:09]} exf3 {[%emt 0:02:18]} 25. Nxf3 {[%emt 0:02:04]} Ng4 {[%emt 0:02:40]} 26. Ra3 {[%emt 0:00:16]} Rae8 {[%emt 0:03:31]} 27. Rc1 {[%emt 0:02:12]} Nxe3 {[%emt 0:06:37]} 28. Rc6 {[%emt 0:00:56]} Qb4 {[%emt 0:01:37]} 29. Rb3 {[%emt 0:07:51]} Qxb5 {[%emt 0:00:58]} 30. Rxb5 {[%emt 0:00:13]} g4 {[%emt 0:12:00]} 31. Ng5 {[%emt 0:01:48]} Nxg2 {[%emt 0:01:42]} 32. Rxd5 {[%emt 0:02:05]} Nb8 {[%emt 0:04:30]} 33. Re6 {[%emt 0:00:12]} Nh4 {[%emt 0:01:51]} 34. Kf2 {[%emt 0:02:25]} Rxe6 {[%emt 0:01:54]} 35. Nxe6 {[%emt 0:00:02]} Re8 {[%emt 0:00:28]} 36. N2f4 {[%emt 0:01:44]} Nc6 {[%emt 0:01:45]} 37. Rd6 {[%emt 0:00:43]} Nb4 {[%emt 0:00:47]} 38. Rxb6 {[%emt 0:00:30]} Rc8 {[%emt 0:00:23]} 39. d5 {[%emt 0:01:16]} Nf3 {[%emt 0:01:12]} 40. d6 {[%emt 0:00:59]} Ne5 {[%emt 0:30:34]} 41. Rb7 {[%emt 0:31:37]} Rc2+ {[%emt 0:00:00]} 42. Kg3 {[%emt 0:00:00]} Nbc6 {[%emt 0:00:00]} 43. Nd5 1-0

[Event "US-ch Women 2018"]
[Site "Saint Louis"]
[Date "2018.04.30"]
[Round "12"]
[White "Wang, Annie"]
[Black "Paikidze, Nazi"]
[Result "1-0"]
[WhiteElo "2321"]
[BlackElo "2352"]
[Annotator "TA"]
[PlyCount "89"]
[EventDate "2018.??.??"]
[EventType "tourn"]
[EventCountry "USA"]
[SourceTitle "playchess.com"]
[Source "ChessBase"]
[SourceQuality "1"]

{[%evp 19,89,43,85,0,-5,-62,-77,-68,-59,-46,61,34,128,120,181,187,220,235,250,235,236,224,340,348,349,349,311,331,497,341,1070,1018,1070,301,279,279,311,295,289,272,375,376,485,504,584,318,592,574,849,789,788,760,1220,1015,989,991,956,961,1417,0,938,929,910,846,29972,5514,5252,2769,29989,29990,29991,29992]} 1. d4 Nf6 2. c4 e6 3. Nc3 Bb4 4. Qc2 d5 5. a3 Bxc3+ 6. Qxc3 c5 {E36: Nimzo-Indian: Classical: 4...d5 5 a3} (6... Ne4 7. Qc2 c5 8. dxc5 Nc6 9. cxd5 exd5 10. Nf3 Qf6 11. e3 Bg4 12. Be2 O-O 13. O-O Rfe8 14. Bd2 d4 15. Rad1 Nxd2 16. Rxd2 dxe3 {½-½ (31) Mamedyarov,S (2809)-So,W (2799) Berlin 2018}) 7. dxc5 d4 8. Qg3 Nc6 9. Qxg7 Rg8 10. Qh6 e5 {LiveBook: 3 Games} 11. Bg5 $146 (11. b4 $16) ({Predecessor:} 11. b4 Rg6 12. Qd2 Ne4 13. Qb2 Qf6 14. e3 {0-1 (23) Karpov,A (2628)-Edouard,R (2628) Cap d'Agde 2016}) 11... Rg6 $11 12. Qh4 (12. Bxf6 $1 $11 Rxf6 13. Qc1 (13. Qxh7 Qa5+ 14. Kd1 Qa4+ 15. Ke1 Ke7 $11)) 12... Qa5+ $1 $15 13. Bd2 (13. b4 Nxb4 $1 {[%mdl 512]} 14. Bd2 Nc2+ 15. Kd1 Qa4 $19) 13... Qxc5 14. e4 Qd6 ({Black should play} 14... dxe3 $15 15. Bxe3 Qa5+ 16. Bd2 Qb6) 15. f3 d3 {[#]} ({Better is} 15... Qd8 $14) 16. Qf2 $1 $16 Nd4 {[#]} (16... b6 $16 {is a better defense.}) 17. Bb4 $1 $18 {[%cal Rb4d6]} Qc6 18. Bxd3 Be6 19. Ne2 O-O-O 20. O-O-O {Strongly threatening Nxd4.} Bxc4 (20... Nb3+ {keeps fighting.} 21. Kb1 a5) 21. Nxd4 Rxd4 22. Bxc4 Rxc4+ 23. Kb1 Nd7 (23... b6 $142 24. Rc1 Kb7) 24. Qxa7 Rxg2 $2 (24... Qc7 25. Rc1 Ra6) 25. Qa8+ Kc7 26. Ba5+ $2 (26. Be7 {[%csl Ga8][%cal Re7d8]} Nb8 27. Bd6+ Kb6 28. Qxb8) 26... b6 27. Qa7+ Kd8 28. Bxb6+ Ke8 {Hoping for ...Rcc2.} 29. Bf2 f6 30. Rd2 Rg7 31. Rhd1 Re7 32. Rg1 Kf7 $2 (32... Rg7 33. Rgd1 (33. Rxg7 Rc1+ 34. Ka2 Qc4+ 35. b3 Rc2+ 36. Rxc2 Qxc2+ 37. Ka1 Qd1+ 38. Kb2 Qd2+ 39. Kb1 Qd1+ 40. Kb2 Qd2+ 41. Kb1 Qd1+ 42. Kb2 $11) 33... Qa4 34. Qxa4 Rxa4) 33. Qe3 Nf8 34. Qh6 {Threatens to win with Rd8.} Ke8 35. Rgd1 Nd7 36. Qh5+ Kd8 37. Qg4 Kc7 38. Qg8 Qb5 39. Qg4 Qc6 $1 40. Rd5 Nb8 41. Qg8 {White threatens Qd8+ and mate.} Nd7 42. Be1 (42. Ra5 $142 Ra4 43. Rxa4 Qxa4 44. Rc1+ Qc6 45. Rxc6+ Kxc6 46. Qc4+ Kb7 47. Qb4+ Kc7 48. Qxe7) 42... Rc5 43. Bb4 Rxd5 44. exd5 Qa4 45. Rc1+ {Precision: White = 56%, Black = 26%.} 1-0

[Event "US-ch Women 2018"]
[Site "Saint Louis"]
[Date "2018.04.30"]
[Round "13"]
[White "Paikidze, Nazi"]
[Black "Wang, Annie"]
[Result "1-0"]
[WhiteElo "2352"]
[BlackElo "2321"]
[Annotator "TA"]
[PlyCount "83"]
[EventDate "2018.??.??"]
[EventType "tourn"]
[EventCountry "USA"]
[SourceTitle "playchess.com"]
[Source "ChessBase"]
[SourceQuality "1"]

{[%evp 25,83,-27,0,-81,-54,-58,12,-152,-114,-173,-37,-38,-32,-19,58,77,77,39,43,70,54,92,85,89,97,84,104,77,143,83,101,94,105,79,211,131,114,97,258,250,338,336,464,442,420,324,561,265,410,412,566,558,578,572,566,559,557,553,29988,29989]} 1. Nf3 e6 2. g3 Nf6 3. Bg2 d5 4. O-O Be7 5. d3 c5 6. Nbd2 Nc6 7. e4 b6 8. e5 Nd7 9. Re1 Qc7 10. Qe2 Bb7 11. c4 d4 {C00: French: Unusual White 2nd moves} 12. Nf1 (12. h4 h6 13. h5 a5 14. Ne4 Ncxe5 15. Nxe5 Nxe5 16. Bf4 O-O 17. Nd2 Bxg2 18. Bxe5 Qc6 19. f3 {0-1 (45) Liang,A (2572)-Le,Q (2737) chess.com INT 2018}) 12... h6 13. h4 O-O-O {LiveBook: 15 Games. Black has an edge.} 14. h5 (14. N1h2 $1 $11 {keeps the balance.}) 14... Rdf8 $146 ({Predecessor:} 14... Rdg8 15. Bf4 g5 16. hxg6 fxg6 17. g4 g5 18. Bd2 h5 19. N1h2 Kb8 {0-1 (34) Veleski,R (2162)-Mihov,F (1964) Struga 2016}) 15. a3 g5 ({Black should try} 15... g6 $15) 16. g4 $2 (16. N1h2 $1 $11) 16... Kb8 17. Bd2 (17. Ng3 $17) 17... Re8 (17... f5 $19 18. exf6 Nxf6) 18. b4 $1 $15 cxb4 19. axb4 Nxb4 ({Better is} 19... Bxb4 $11 20. Bxb4 Nxb4) 20. Nxd4 $14 Bxg2 21. Kxg2 {Threatens to win with Bxb4.} Nc6 22. Nxc6+ Qxc6+ 23. f3 f6 24. exf6 Bxf6 25. Ra2 Rhf8 26. Be3 Ne5 {[#]} (26... Bc3 $142 27. Rc1 Bb4) 27. Nh2 (27. Bf2 $142 $1) 27... Rd8 $16 28. Rd1 Ka8 29. Bf2 Rc8 (29... Rd7 $16) 30. Rb1 Nd7 31. Ra6 {Strongly threatening Bxb6!} Qb7 $2 {[#]} (31... Kb8 $16 {was necessary.}) 32. Qa2 $1 $18 Kb8 33. d4 Bd8 34. Ra1 {[%cal Ra6a7]} Rc7 35. c5 Re8 $2 (35... Qd5 36. Rxa7 Qxa2 37. R7xa2 Kc8) 36. Rc1 (36. Bg3 $142 e5 37. cxb6 Nxb6 38. Bxe5 Rxe5 39. dxe5) 36... e5 (36... Qd5 $142 37. Bg3 Qxa2+ 38. Rxa2 e5) 37. Bg3 Rc6 {[%cal Rb6c5]} 38. Ra1 Rc7 39. cxb6 Nxb6 40. Bxe5 Rxe5 41. dxe5 Qc8 {White must now prevent ...Rc2+.} 42. Rxb6+ {Precision: White = 52%, Black = 17%.} 1-0

[Event "US-ch Women 2018"]
[Site "Saint Louis"]
[Date "2018.04.30"]
[Round "14"]
[White "Paikidze, Nazi"]
[Black "Wang, Annie"]
[Result "1-0"]
[WhiteElo "2352"]
[BlackElo "2321"]
[Annotator "RC"]
[PlyCount "66"]
[EventDate "2018.??.??"]
[EventType "tourn"]
[EventCountry "USA"]
[SourceTitle "playchess.com"]
[Source "ChessBase"]
[SourceQuality "1"]

1. Nf3 e6 2. g3 Nf6 3. Bg2 d5 4. O-O Be7 5. d3 c5 6. Nbd2 Nc6 7. e4 b6 8. e5 Nd7 9. Re1 Qc7 10. Qe2 Bb7 11. c4 d4 12. Nf1 h6 13. h4 O-O-O 14. N1h2 g5 15. h5 Rdf8 16. Ng4 Kb8 17. Bd2 f5 18. exf6 Nxf6 19. Nge5 g4 20. Nxc6+ Bxc6 21. Ne5 Bxg2 22. Kxg2 Qb7+ 23. Kg1 Re8 24. Ng6 Rh7 25. Qxe6 Nxh5 26. Qxg4 Nf6 27. Qf4+ Ka8 28. Nxe7 Rf7 29. Nf5 Rxe1+ 30. Rxe1 Rf8 31. Re7 Qc6 32. Qxh6 Rc8 33. Rf7 Qf3 1-0